| 000 | 00497nam a2200121Ia 4500 | ||
|---|---|---|---|
| 008 | 160809s9999 xx 000 0 und d | ||
| 245 | _aInitial Care to Illegal Immigrants Who Arrive in Europe on Small Boats. What are Nurses Doing? | ||
| 245 | _cMaría Del Mar Jiménez Lasserrotte and José Granero Molina. | ||
| 260 | _bJournal of Nursing and Care | ||
| 260 | _cJuly 2016 | ||
| 650 | _xNURSING | ||
| 856 | _uhttp://www.omicsgroup.org/journals/ArchiveJNC/currentissue-nursing-care-open-access.php | ||
| 999 |
_c300179 _d300179 |
||